El secretario de hoy en una escuela bien pensada /

Guardado en:
Autor Principal: Gil, Beatriz Elcira
Otros Autores: Tringaniello, Norma Mabel
Formato: Libro
Publicado: Buenos Aires : El Ateneo, 1997
Edición:2a. ed.
Series:Nuevos Aires en Educación
Materias:
Etiquetas: Agregar Etiqueta
Sin Etiquetas, Sea el primero en etiquetar este registro!
LEADER 01479nam a22002535a 4500
001 CEM.cems009708
005 20080721130849.0
008 130507s1997##################000#0#####d
003 CEMS
020 |a 950025817X 
082 0 4 |a 371.1 
100 1 |a Gil, Beatriz Elcira 
245 1 0 |a El secretario de hoy en una escuela bien pensada /  |c Beatriz Elcira Gil, Norma Mabel Tringaniello 
250 |a 2a. ed. 
260 |a Buenos Aires :  |b El Ateneo,  |c 1997 
300 |a 133 p. 
490 0 |a Nuevos Aires en Educación 
505 0 |a La escuela como organización bien pensada: un desafío de hoy -- La administración y la organización administrativa, aspectos fundamentales para la organización escolar -- Actos y procedimientos administrativos como garantía de legitimidad -- Normas jurídicas como garantía de derecho -- Comunicación e información. Una alianza vital en la organización -- Formas y formalidades de la comunicación escrita -- La organización de un banco de datos e informaciones. Una propuesta operativa -- El archivo como práctica administrativa esencial -- Los bienes de la escuela> el patrimonio del Estado. Un compromiso para todos -- El secretario como un animador más de la gestión pedagógica 
653 |a Educación 
653 |a Administración escolar 
653 |a Archivos-administración 
653 |a Secretario administrativo-educación 
700 1 |a Tringaniello, Norma Mabel 
859 |a CEMS  |b BIB. CEMS - 11 de abril  |h 371.1  |i G37  |p 19938.98  |t Ej.1